[Event "GM-Turnier"]
[Site "Berlin"]
[Date "2009.07.12"]
[Round "11.2"]
[White "Rabiega, Robert"]
[Black "Agopov, Mikael"]
[Result "1-0"]
[WhiteElo "2551"]
[BlackElo "2442"]
[PlyCount "65"]
[EventDate "2009.07.??"]

1. e4 {1:30:11} 1... c5 {1:30:24} 2. c3 {1:30:32} 2... Nf6 {1:30:49} 3. e5 {
1:30:54} 3... Nd5 {1:31:15} 4. Nf3 {1:31:05} 4... Nc6 {1:31:39} 5. d4 {1:31:28}
5... cxd4 {1:32:05} 6. cxd4 {1:31:52} 6... d6 {1:32:29} 7. Bc4 {1:32:19} 7...
Nb6 {1:32:52} 8. Bb3 {1:32:46} 8... dxe5 {1:32:57} 9. d5 {1:33:10} 9... Na5 {
1:33:22} 10. Nc3 {1:33:34} 10... f6 {1:30:33} 11. O-O {1:31:02} 11... g6 {
1:30:43} 12. Be3 {1:31:25} 12... Bg7 {1:29:53} 13. d6 {1:31:36} 13... e6 {
1:24:31} 14. Nb5 {1:27:08} 14... Kf7 {1:24:39} 15. Nc7 {1:14:50} 15... Rb8 {
1:25:01} 16. Rc1 {1:14:28} 16... Nxb3 {1:11:55} 17. Qxb3 {1:05:45} 17... Bd7 {
1:10:47} 18. Nxe5+ {0:29:33} 18... fxe5 {1:11:09} 19. f4 {0:30:01} 19... Re8 {
1:03:54} 20. fxe5+ {0:12:20} 20... Kg8 {1:04:18} 21. Nxe8 {0:12:19} 21... Qxe8
{1:04:26} 22. Bxb6 {0:07:13} 22... axb6 {1:04:52} 23. Qe3 {0:07:38} 23... Bc6 {
0:51:47} 24. b4 {0:47:11} 24... Rc8 {0:47:11} 25. Qxb6 {0:03:31} 25... Bxe5 {
0:45:31} 26. b5 {0:03:57} 26... Bd5 {0:37:41} 27. Rc7 {0:03:56} 27... Qd8 {
0:37:27} 28. Rff7 {0:02:46} 28... Ra8 {0:36:33} 29. Qf2 {0:02:54} 29... Qe8 {
0:32:59} 30. Rce7 {0:02:57} 30... Bd4 {0:24:59} 31. Rxe8+ {0:03:02} 31... Rxe8
{0:25:26} 32. Qxd4 {0:03:25} 32... Kxf7 {0:25:53} 33. Qf4+ {0:03:42} 1-0

[Event "GM-Turnier"]
[Site "Berlin"]
[Date "2009.07.12"]
[Round "11.3"]
[White "Figura, Atila Gajo"]
[Black "Stern, Rene"]
[Result "1/2-1/2"]
[WhiteElo "2436"]
[BlackElo "2498"]
[PlyCount "43"]
[EventDate "2009.07.??"]

1. d4 {1:22:11} 1... Nf6 {1:29:53} 2. c4 {1:22:35} 2... e6 {1:30:19} 3. Nf3 {
1:23:01} 3... d5 {1:30:45} 4. g3 {1:23:27} 4... dxc4 {1:31:11} 5. Bg2 {1:23:53}
5... c5 {1:31:34} 6. O-O {1:24:18} 6... Nc6 {1:32:01} 7. Qa4 {1:24:42} 7...
cxd4 {1:32:14} 8. Nxd4 {1:25:06} 8... Qxd4 {1:32:38} 9. Bxc6+ {1:25:31} 9...
Bd7 {1:32:59} 10. Rd1 {1:25:55} 10... Qxd1+ {1:33:24} 11. Qxd1 {1:26:22} 11...
Bxc6 {1:33:48} 12. Nd2 {1:26:48} 12... b5 {1:33:43} 13. a4 {1:27:13} 13... Be7
{1:34:09} 14. axb5 {1:27:39} 14... Bxb5 {1:34:36} 15. Nxc4 {1:28:02} 15... O-O
{1:35:01} 16. Na3 {1:28:27} 16... Rfd8 {1:10:54} 17. Qe1 {1:22:13} 17... Be8 {
1:06:03} 18. f3 {1:12:42} 18... Nd5 {0:55:58} 19. Nc4 {0:55:32} 19... Bb5 {
0:54:55} 20. Na3 {0:53:39} 20... Be8 {0:55:20} 21. Nc4 {0:54:05} 21... Bb5 {
0:55:42} 22. Na3 {0:54:22} 1/2-1/2

[Event "GM-Turnier"]
[Site "Berlin"]
[Date "2009.07.12"]
[Round "11.4"]
[White "Tischbierek, Raj"]
[Black "Maksimenko, Andrej"]
[Result "1/2-1/2"]
[WhiteElo "2447"]
[BlackElo "2544"]
[PlyCount "36"]
[EventDate "2009.07.??"]

1. e4 {1:30:05} 1... e5 {1:30:24} 2. Nf3 {1:28:55} 2... Nc6 {1:30:33} 3. Nc3 {
1:28:22} 3... Nf6 {1:29:32} 4. d4 {1:25:46} 4... exd4 {1:29:38} 5. Nxd4 {
1:26:12} 5... Bb4 {1:29:25} 6. Nxc6 {1:23:52} 6... bxc6 {1:29:44} 7. Bd3 {
1:23:22} 7... d5 {1:28:44} 8. exd5 {1:23:19} 8... cxd5 {1:29:07} 9. O-O {
1:22:04} 9... O-O {1:29:18} 10. Bg5 {1:18:36} 10... c6 {1:26:07} 11. Qf3 {
1:13:56} 11... Be7 {1:24:44} 12. Rfe1 {1:10:20} 12... h6 {1:21:29} 13. Bxh6 {
0:58:12} 13... gxh6 {1:17:20} 14. Qe3 {0:58:11} 14... d4 {1:08:42} 15. Qxh6 {
0:52:51} 15... Qd6 {1:06:42} 16. Qg5+ {0:44:37} 16... Kh8 {1:07:06} 17. Qh6+ {
0:40:28} 17... Kg8 {1:07:30} 18. Qg5+ {0:39:44} 18... Kh8 {1:07:52} 1/2-1/2

[Event "GM-Turnier"]
[Site "Berlin"]
[Date "2009.07.12"]
[Round "11.5"]
[White "Kurmann, Oliver"]
[Black "Erdoes, Viktor"]
[Result "1/2-1/2"]
[WhiteElo "2420"]
[BlackElo "2565"]
[PlyCount "38"]
[EventDate "2009.07.??"]

1. e4 {1:28:34} 1... e5 {1:28:51} 2. Nf3 {1:23:30} 2... Nc6 {1:28:20} 3. Nc3 {
1:18:01} 3... Nf6 {1:28:02} 4. Bb5 {1:16:48} 4... Bd6 {1:24:39} 5. O-O {1:10:01
} 5... O-O {1:24:51} 6. Re1 {1:09:33} 6... Re8 {1:24:35} 7. a3 {1:05:25} 7...
Bc5 {0:45:10} 8. d3 {1:01:10} 8... h6 {0:45:11} 9. h3 {1:00:48} 9... a6 {
0:44:00} 10. Bc4 {1:01:10} 10... d6 {0:44:15} 11. Be3 {0:43:08} 11... Bxe3 {
0:43:42} 12. fxe3 {0:37:38} 12... Be6 {0:36:11} 13. Bxe6 {0:37:08} 13... fxe6 {
0:36:04} 14. Rf1 {0:36:11} 14... Qe7 {0:30:09} 15. Qe1 {0:36:16} 15... Rf8 {
0:29:58} 16. Qg3 {0:35:42} 16... Nh5 {0:29:23} 17. Qg4 {0:36:00} 17... Nf6 {
0:29:48} 18. Qg3 {0:36:14} 18... Nh5 {0:30:13} 19. Qg4 {0:36:42} 19... Nf6 {
0:30:37} 1/2-1/2

[Event "GM-Turnier"]
[Site "Berlin"]
[Date "2009.07.12"]
[Round "11.6"]
[White "Paehtz, Elisabeth"]
[Black "Jemelin, Wassili"]
[Result "1/2-1/2"]
[WhiteElo "2474"]
[BlackElo "2588"]
[PlyCount "49"]
[EventDate "2009.07.??"]

1. e4 {1:10:54} 1... e5 {1:24:27} 2. Nf3 {1:11:15} 2... Nc6 {1:24:49} 3. Bb5 {
1:11:37} 3... a6 {1:24:50} 4. Ba4 {1:12:02} 4... Nf6 {1:25:15} 5. Qe2 {1:11:18}
5... Be7 {1:23:06} 6. O-O {1:11:07} 6... b5 {1:23:27} 7. Bb3 {1:11:34} 7... O-O
{1:22:38} 8. c3 {1:09:09} 8... d5 {1:22:13} 9. d3 {1:07:52} 9... Bb7 {1:20:33}
10. Re1 {1:01:27} 10... Re8 {1:19:54} 11. Nbd2 {1:01:50} 11... Bf8 {1:19:35}
12. a3 {0:58:15} 12... Qd7 {1:15:39} 13. Ba2 {0:53:55} 13... h6 {1:14:04} 14.
exd5 {0:51:52} 14... Nxd5 {1:14:29} 15. Ne4 {0:52:18} 15... Kh8 {1:12:31} 16.
Nfg5 {0:46:35} 16... Nd8 {1:08:22} 17. Nf3 {0:45:11} 17... Nc6 {1:08:24} 18.
Nfg5 {0:45:08} 18... f5 {1:06:13} 19. Qh5 {0:43:40} 19... fxe4 {1:03:45} 20.
dxe4 {0:41:39} 20... Nf6 {1:03:33} 21. Nf7+ {0:42:04} 21... Kh7 {1:03:59} 22.
Ng5+ {0:42:28} 22... Kh8 {1:04:25} 23. Nf7+ {0:42:50} 23... Kh7 {1:04:51} 24.
Ng5+ {0:43:15} 24... Kh8 {1:05:17} 25. Nf7+ {0:43:37} 1/2-1/2